[Event "Condom op-A"]
[Site "Condom"]
[Date "2009.07.15"]
[Round "6"]
[White "Zaninetti, Laurent"]
[Black "Aubert, Lucas"]
[Result "1-0"]
[WhiteElo "1981"]
[BlackElo "1660"]
[PlyCount "53"]
[EventDate "2009.07.11"]
[EventType "swiss"]
[EventRounds "9"]
[EventCountry "FRA"]
[SourceTitle "CBM 131 Extra"]
[Source "ChessBase"]
[SourceDate "2009.09.03"]
[SourceVersion "2"]
[SourceVersionDate "2009.09.16"]
[SourceQuality "1"]

1. c4 e6 2. g3 Nf6 3. Bg2 Be7 4. Nf3 b6 5. 0-0 Bb7 6. b3 0-0 7. Bb2 d5 8. e3 Nbd7 9. Nc3 c5 10. cxd5 Nxd5 11. Nxd5 Bxd5 12. Rc1 Rc8 13. d4 Bf6 14. Qd3 Re8 15. e4 Bb7 16. Rfd1 cxd4 17. Nxd4 Rxc1 18. Bxc1 Nc5 19. Qd2 Bxe4 20. Nb5 Qxd2 21. Rxd2 a6 22. Nd6 Bxg2 23. Nxe8 Bc6 24. Nxf6+ gxf6 25. Rd6 Bb5 26. Bh6 Nd7 27. a4 1-0

[Event "Condom op-A"]
[Site "Condom"]
[Date "2009.07.11"]
[Round "1"]
[White "Aubert, Lucas"]
[Black "Muratet, Lucas"]
[Result "1-0"]
[WhiteElo "1660"]
[BlackElo "1970"]
[PlyCount "41"]
[EventDate "2009.07.11"]
[EventType "swiss"]
[EventRounds "9"]
[EventCountry "FRA"]
[SourceTitle "CBM 131 Extra"]
[Source "ChessBase"]
[SourceDate "2009.09.03"]
[SourceVersion "2"]
[SourceVersionDate "2009.09.16"]
[SourceQuality "1"]

1. d4 Nf6 2. c4 c5 3. d5 e6 4. Nc3 exd5 5. cxd5 d6 6. e4 g6 7. Bd3 Bg7 8. Nge2 0-0 9. 0-0 Re8 10. Bg5 a6 11. a4 Nbd7 12. f4 c4 13. Bxc4 Qb6+ 14. Kh1 Ng4 15. Qb3 Nf2+ 16. Kg1 Nh3+ 17. Kh1 Qg1+ 18. Nxg1 Nxg5 19. fxg5 Nc5 20. Qc2 Bd7 21. b4 1-0

[Event "FRA-ch U12"]
[Site "Aix les Bains"]
[Date "2009.04.20"]
[Round "3"]
[White "Aubert, Lucas"]
[Black "Kambrath, Yannick"]
[Result "0-1"]
[WhiteElo "1623"]
[BlackElo "1857"]
[PlyCount "52"]
[EventDate "2009.04.19"]
[EventType "swiss"]
[EventRounds "9"]
[EventCountry "FRA"]
[SourceTitle "CBM 130 Extra"]
[Source "ChessBase"]
[SourceDate "2009.07.02"]
[SourceVersion "2"]
[SourceVersionDate "2009.07.15"]
[SourceQuality "1"]

1. d4 Nf6 2. Nf3 g6 3. c4 Bg7 4. Nc3 d5 5. cxd5 Nxd5 6. e4 Nxc3 7. bxc3 c5 8. Be3 0-0 9. Bc4 Bg4 10. 0-0 Nc6 11. e5 Bxf3 12. Qxf3 cxd4 13. cxd4 Nxd4 14. Qxb7 Nc2 15. Rad1 Qc8 16. Qxc8 Raxc8 17. Ba6 Nxe3 18. fxe3 Rc6 19. Bb7 Rc7 20. Ba6 Bxe5 21. Rc1 Rd8 22. Rxc7 Bxc7 23. Rc1 Bb6 24. Re1 Rd2 25. Bc4 Kg7 26. Kf1 Kf6 0-1

[Event "FRA-ch U12"]
[Site "Le Grand Bornand"]
[Date "2007.04.??"]
[Round "5"]
[White "Kohi, Armand"]
[Black "Aubert, Lucas"]
[Result "1-0"]
[WhiteElo "1620"]
[BlackElo "1480"]
[PlyCount "39"]
[EventDate "2007.04.07"]
[EventType "swiss"]
[EventRounds "9"]
[EventCountry "FRA"]
[SourceTitle "CBM 118 Extra"]
[Source "ChessBase"]
[SourceDate "2007.07.04"]
[SourceVersion "1"]
[SourceVersionDate "2007.07.04"]
[SourceQuality "1"]

1. d4 d5 2. Nf3 e6 3. e3 Nf6 4. Bd3 Bd6 5. Ne5 Nbd7 6. f4 c5 7. c3 b6 8. 0-0 Bb7 9. Bd2 0-0 10. Be1 c4 11. Bc2 b5 12. Nd2 a5 13. a3 Re8 14. Bh4 Be7 15. Rf3 Nxe5 16. fxe5 Ng4 17. Bxe7 Qxe7 18. Rg3 Nh6 19. Qh5 b4 20. Qxh6 1-0

[Event "FRA-chT U20"]
[Site "Pau"]
[Date "2005.12.20"]
[Round "7"]
[White "Rigolot, Lucie"]
[Black "Aubert, Lucas"]
[Result "1-0"]
[WhiteElo "1620"]
[BlackElo "1180"]
[PlyCount "109"]
[EventDate "2005.12.??"]
[EventType "team"]
[EventRounds "11"]
[EventCountry "FRA"]
[SourceTitle "EXT 2007"]
[Source "ChessBase"]
[SourceDate "2006.11.23"]
[SourceVersion "1"]
[SourceVersionDate "2006.11.23"]
[SourceQuality "1"]
[WhiteTeam "Paris NAO"]
[BlackTeam "Pau"]
[WhiteTeamCountry "FRA"]
[BlackTeamCountry "FRA"]

1. e4 e6 2. d4 d5 3. Nd2 c5 4. exd5 exd5 5. dxc5 Bxc5 6. Nb3 Bb6 7. Nf3 Ne7 8. Bb5+ Bd7 9. Bxd7+ Nxd7 10. 0-0 0-0 11. Bg5 Re8 12. Bxe7 Qxe7 13. Qxd5 Nf6 14. Qd2 Ne4 15. Qe2 Qc7 16. Rfe1 Nf6 17. Qd2 g6 18. Qc3 Qd7 19. Qxf6 Bd8 20. Qd4 Qb5 21. Qc5 Qd7 22. Rxe8+ Qxe8 23. Re1 Qd7 24. Qd4 Qxd4 25. Nbxd4 Ba5 26. c3 Rc8 27. h3 Bb6 28. g4 Rc5 29. Re7 f5 30. gxf5 gxf5 31. Re5 Rxe5 32. Nxe5 Bc7 33. f4 Bxe5 34. fxe5 Kf7 35. Nxf5 Ke6 36. Nd4+ Kxe5 37. Kf2 Kf4 38. a3 h5 39. b3 Ke4 40. Ke2 Kd5 41. Kd3 Kc5 42. Ke4 a5 43. a4 Kb6 44. Kf5 Ka6 45. Kg5 h4 46. Kxh4 Kb6 47. Kg4 Kc5 48. Kf4 Kd5 49. Kf5 Kd6 50. h4 Ke7 51. h5 Kf7 52. h6 Kg8 53. h7+ Kxh7 54. Ke6 Kg7 55. Kd7 1-0

[Event "FRA-chT U20"]
[Site "Pau"]
[Date "2005.12.18"]
[Round "4"]
[White "Chabenet, Raphael"]
[Black "Aubert, Lucas"]
[Result "0-1"]
[WhiteElo "1230"]
[BlackElo "1180"]
[PlyCount "80"]
[EventDate "2005.12.??"]
[EventType "team"]
[EventRounds "11"]
[EventCountry "FRA"]
[SourceTitle "EXT 2007"]
[Source "ChessBase"]
[SourceDate "2006.11.23"]
[SourceVersion "1"]
[SourceVersionDate "2006.11.23"]
[SourceQuality "1"]
[WhiteTeam "Pau"]
[BlackTeam "Clichy"]
[WhiteTeamCountry "FRA"]
[BlackTeamCountry "FRA"]

1. e4 e6 2. d4 d5 3. e5 c5 4. c3 Qc7 5. Nf3 Bd7 6. Be2 cxd4 7. cxd4 Bb4+ 8. Bd2 Bxd2+ 9. Nbxd2 Ne7 10. Rc1 Qa5 11. a3 Ba4 12. b3 Bb5 13. Bxb5+ Qxb5 14. a4 Qb4 15. 0-0 0-0 16. Rc5 a6 17. Rc7 Nf5 18. Ng5 h6 19. Ngf3 Nxd4 20. Nxd4 Qxd4 21. Rxb7 Qxe5 22. Nf3 Qh5 23. Re1 Nc6 24. Qc2 Rfc8 25. Qb2 Na5 26. Re7 Rab8 27. R1xe6 Nc4 28. Qa1 Kf8 29. bxc4 Qg4 30. Ne5 Qg5 31. Nd7+ Kg8 32. Nxb8 fxe6 33. Nxa6 Qxe7 34. cxd5 Qg5 35. h3 Rc1+ 36. Qxc1 Qxc1+ 37. Kh2 Qf4+ 38. Kg1 Qxa4 39. Nc7 Qd1+ 40. Kh2 exd5 0-1

[Event "FRA-chT U20 0506"]
[Site "France"]
[Date "2005.11.13"]
[Round "3.9"]
[White "Aubert, Lucas"]
[Black "Baudry, Remi"]
[Result "1-0"]
[WhiteElo "1180"]
[BlackElo "1330"]
[PlyCount "59"]
[EventDate "2005.11.12"]
[EventType "team"]
[EventRounds "3"]
[EventCountry "FRA"]
[SourceTitle "CBM 109 Extra"]
[Source "ChessBase"]
[SourceDate "2006.01.03"]
[SourceVersion "2"]
[SourceVersionDate "2006.01.03"]
[SourceQuality "1"]

1. d4 d5 2. Bf4 Nc6 3. Nf3 Bf5 4. Nbd2 Nf6 5. e3 e6 6. Be2 Bd6 7. Bg5 0-0 8. c3 h6 9. Bxf6 Qxf6 10. 0-0 Qg6 11. h3 Be4 12. Nh4 Qg5 13. g3 Bxg3 14. Bg4 Qxh4 15. Nxe4 dxe4 16. Qb3 h5 17. Rfd1 hxg4 18. Kf1 Qxh3+ 19. Ke2 Qg2 20. Rf1 Qf3+ 21. Kd2 Bxf2 22. Qd1 Qxe3+ 23. Kc2 g3 24. Qh5 g6 25. Qh3 f5 26. Rh1 Qd3+ 27. Kb3 Na5+ 28. Ka4 Qc4+ 29. Ka3 c5 30. Qh7# 1-0